| 000 | 00571nam a22001817a 4500 | ||
|---|---|---|---|
| 005 | 20251108173002.0 | ||
| 008 | 250721s1996 xx 000 0 ara d | ||
| 082 | 1 | 4 | _a025.32/ بنا |
| 100 | 1 | _aالبنا، أحمد عبدالجواد | |
| 245 | 1 | 0 | _aالفهرسة و البطاقات: ( منهج تطبيقي لأمناء المكتبات) / |
| 264 | 1 |
_aعمان : _bالمؤلف، _c1996. |
|
| 300 | _a95ص. | ||
| 650 | 1 | 7 | _aالفهرسة الوصفية |
| 650 | 1 | 7 | _aعلم المكتبات |
| 650 | 1 | 7 | _aالفهارس |
| 942 |
_2ddc _cBK |
||
| 999 |
_c93378 _d93378 |
||